000
00198nam a2200085Ia 4500
008
170617s9999 xx 000 0 und d
100
_a
WALLIS-T E
245
0
_a
PRACTICAL PHARMACOGNOSY
260
_b
DEHLI-SPRINGER
260
_c
2011
999
_c
15862
_d
15862